Statistics for Largest Chinese Provinces, Indian States, and World Countries

Click here to take the quiz!

General Stats

  • This quiz has been taken 222 times
  • The average score is 16 of 30

Answer Stats

Population(Millions)Answer% Correct
324.1USA
83%
260.6Indonesia
74%
209.6Brazil
72%
143.4Russia
71%
192.8Pakistan
69%
104.3Guangdong
65%
126.3Japan
65%
187.0Nigeria
65%
199.8Uttar Pradesh
65%
162.9Bangladesh
64%
128.6Mexico
64%
80.7Germany
60%
93.4Egypt
59%
80.0Iran
58%
79.6Turkey
54%
94.4Vietnam
53%
101.9Ethiopia
51%
112.4Maharashtra
49%
102.3Philippines
49%
71.9Hebei
47%
72.1Tamil Nadu
47%
91.3West Bengal
47%
95.8Shandong
43%
80.4Sichuan
42%
94.0Henan
41%
79.7Democratic Republic of the Congo
40%
78.7Jiangsu
40%
68.5Rajasthan
39%
104.1Bihar
37%
72.6Madhya Pradesh
31%

Score Distribution

Percentile by Number Answered

Percent of People with Each Score

Your Score History

You have not taken this quiz